|
|
|
|
| LEADER |
00000nam0a2200000 4500 |
| 001 |
336453 |
| 005 |
20231102004845.0 |
| 020 |
|
|
|a RU
|b 88-28780
|
| 035 |
|
|
|a (RuTPU)RU\TPU\book\362869
|
| 090 |
|
|
|a 336453
|
| 100 |
|
|
|a 20171016d1988 k y0rusy5003 ca
|
| 101 |
0 |
|
|a rus
|
| 102 |
|
|
|a RU
|
| 105 |
|
|
|a a z 001zy
|
| 200 |
1 |
|
|a Структура линеаментных зон динамометаморфизма
|e сборник научных трудов
|f Академия наук СССР (АН СССР), Сибирское отделение (СО), Институт геологии и геофизики (ИГиГ) ; под ред. В. А. Соловьева, Б. М. Чикова
|
| 210 |
|
|
|a Новосибирск
|c Изд-во ИГиГ
|d 1988
|
| 215 |
|
|
|a 120 с.
|c ил.
|
| 320 |
|
|
|a Библиогр. в конце статей
|
| 606 |
|
|
|a Динамометаморфизм
|2 stltpush
|3 (RuTPU)RU\TPU\subj\9539
|9 36767
|
| 610 |
1 |
|
|a стрессметаморфизм
|
| 610 |
1 |
|
|a природа
|
| 610 |
1 |
|
|a структурообразование
|
| 610 |
1 |
|
|a петрохимические преобразования
|
| 610 |
1 |
|
|a ультрабазиты
|
| 610 |
1 |
|
|a региональные зоны
|
| 610 |
1 |
|
|a Рудный Алтай
|
| 610 |
1 |
|
|a динамометаморфические преобразования
|
| 610 |
1 |
|
|a зональность
|
| 610 |
1 |
|
|a минералы
|
| 675 |
|
|
|a 551.25
|v 3
|
| 702 |
|
1 |
|a Соловьев
|b В. А.
|g Владимир Алиевич
|4 340
|
| 702 |
|
1 |
|a Чиков
|b Б. М.
|4 340
|
| 712 |
0 |
2 |
|a Академия наук СССР (АН СССР)
|b Сибирское отделение (СО)
|b Институт геологии и геофизики (ИГиГ)
|c (Новосибирск)
|2 stltpush
|3 (RuTPU)RU\TPU\col\128
|
| 801 |
|
0 |
|a RU
|b RuMRKP
|c 19960705
|g psbo
|
| 801 |
|
1 |
|a RU
|b 63413507
|c 20171016
|
| 801 |
|
2 |
|a RU
|b 63413507
|c 20171018
|g RCR
|
| 942 |
|
|
|c BK
|